| 000 | 00000nam##2200000za#4500 |
| 001 | 9.661879 |
| 003 | CaOODSP |
| 005 | 20210615120253 |
| 007 | ta |
| 008 | 150407|2000||||xxc||||| f|0| 0 eng|d |
| 020 | |a0-662-64992-3 |
| 040 | |aCaOODSP|beng |
| 041 | |aeng |
| 041 | |afre |
| 043 | |an-cn--- |
| 086 | 1 |aSF31-47/2000 |
| 110 | 1 |aCanada. |bOffice of the Commissioner of Official Languages. |
| 245 | 10|aOfficial languages in the Canadian sport system : |bVolume 1 |
| 260 | |aOttawa - Ontario : |bOffice of the Commissioner of Official Languages |c2000. |
| 300 | |aEnglish text, iv, 46p. : |bgraph, organization chart, tables ; |c28 cm. |
| 500 | |a"This study set out to determine whether English-Speaking and French-Speaking Canadians have equal opportunities to reach the highest levels of amateur sport. We therefore examined the structure and history of sport organizations in Canada and, through interviews and a survey of athletes, reviewed whether the present sport system meets athletes' linguistic needs."--Page 3. |
| 520 | 3 |aThis study set out to determine whether English-Speaking and French-Speaking Canadians have equal opportunities to reach the highest levels of amateur sport. We therefore examined the structure and history of sport organizations in Canada and, through interviews and a survey of athletes, reviewed whether the present sport system meets athletes' linguistic needs.--Page 3 |
| 546 | |aBilingual |
| 563 | |aSoftcover |
| 590 | |a00-42|b2000-10-20 |
| 690 | 07|aSports|2gcpds |
| 690 | 07|aOfficial languages|2gcpds |
| 776 | 0#|tLes langues officielles dans le système sportif canadien. Volume n° 1 |w(CaOODSP)9.630381 |
| 776 | 0#|tOfficial languages in the Canadian sports system. Volume 1 |w(CaOODSP)9.685795 |
| 792 | |tLes langues officielles dans le système sportif canadien : |efre|w(CaOODSP)9.661880 |